<?xml version="1.0" encoding="UTF-8"?><?xml-stylesheet type="text/xsl" href="static/style.xsl"?><OAI-PMH xmlns="http://www.openarchives.org/OAI/2.0/" xmlns:xsi="http://www.w3.org/2001/XMLSchema-instance" xsi:schemaLocation="http://www.openarchives.org/OAI/2.0/ http://www.openarchives.org/OAI/2.0/OAI-PMH.xsd"><responseDate>2026-04-14T07:42:10Z</responseDate><request verb="GetRecord" identifier="oai:www.recercat.cat:10459.1/469130" metadataPrefix="marc">https://recercat.cat/oai/request</request><GetRecord><record><header><identifier>oai:recercat.cat:10459.1/469130</identifier><datestamp>2025-11-25T19:28:58Z</datestamp><setSpec>com_2072_3622</setSpec><setSpec>col_2072_479130</setSpec></header><metadata><record xmlns="http://www.loc.gov/MARC21/slim" xmlns:dcterms="http://purl.org/dc/terms/" xmlns:xsi="http://www.w3.org/2001/XMLSchema-instance" xmlns:doc="http://www.lyncode.com/xoai" xsi:schemaLocation="http://www.loc.gov/MARC21/slim http://www.loc.gov/standards/marcxml/schema/MARC21slim.xsd">
   <leader>00925njm 22002777a 4500</leader>
   <datafield ind2=" " ind1=" " tag="042">
      <subfield code="a">dc</subfield>
   </datafield>
   <datafield ind2=" " ind1=" " tag="720">
      <subfield code="a">Gort Paniello, Marta</subfield>
      <subfield code="e">author</subfield>
   </datafield>
   <datafield ind2=" " ind1=" " tag="260">
      <subfield code="c">2020</subfield>
   </datafield>
   <datafield ind2=" " ind1=" " tag="520">
      <subfield code="a">Aquest article té l’objectiu d’identificar les competències i els usos lingüístics dels estudiants de Guissona pel que fa a les llengües catalana i castellana, a partir de les enquestes realitzades en un curs de primària i en un de secundària, tant d’un centre escolar públic com d’un de concertat d’aquesta vila de la Segarra, que destaca demogràficament pel fet de tenir un 50 % de població d’origen immigrant. Pel que fa a les competències lingüístiques, s’analitza tant la comprensió oral i l’escrita com l’expressió oral i l’escrita en totes dues llengües; pel que fa als usos, es tenen en compte les interaccions amb els companys i el consum d’oci a través de la televisió, i també l’àmbit familiar, amb un especial interès per les tendències que s’observen en les famílies mixtes.</subfield>
   </datafield>
   <datafield ind2=" " ind1=" " tag="520">
      <subfield code="a">The aim of this article is to identify the linguistic competences and uses of students 
from Guissona regarding Catalan and Spanish languages, drawing from the surveys conducted in a primary and a secondary courses in both a state and a semi-private school centres located in this village, which is demographically noteworthy considering the immigrant origin of 50 % of its population. As far as linguistic competences are concerned, oral and written comprehension. as well as oral and written expression in both languages are analysed; in relation to uses, interaction with school partners and TV leisure consumption have been taken into account, in addition to family environment, placing special emphasis on the tendencies observed in mixed families.</subfield>
   </datafield>
   <datafield ind1="8" ind2=" " tag="024">
      <subfield code="a">http://hdl.handle.net/10459.1/469130</subfield>
   </datafield>
   <datafield tag="653" ind2=" " ind1=" ">
      <subfield code="a">Guissona</subfield>
   </datafield>
   <datafield tag="653" ind2=" " ind1=" ">
      <subfield code="a">Competències lingüístiques</subfield>
   </datafield>
   <datafield tag="653" ind2=" " ind1=" ">
      <subfield code="a">Usos lingüístics</subfield>
   </datafield>
   <datafield ind2="0" ind1="0" tag="245">
      <subfield code="a">Enquesta sobre les competències i els usos lingüístics del català a Guissona</subfield>
   </datafield>
</record></metadata></record></GetRecord></OAI-PMH>